000 00540nam a2200217Ia 4500
003 OSt
005 20220928141025.0
006 a|||||r|||| 00| 0
007 ta
008 220927b |||||||| |||| 00| 0 eng d
024 _a12916
037 _cTextual
040 _aSDCL
_cSDCL
_beng
041 _2eng
_aeng
082 _aO-,3N47:g, N8
100 _aGoonetilleke D C R A
_9498521
245 0 _aSalman Rushdie.
260 _c1998
942 _hO-,3N47:g, N8
_cTEXL
_2CC
999 _c815325
_d815325